[Event "DEM U10"]
[Site "Willingen"]
[Date "2006.06.09"]
[Round "10.7"]
[White "Eigemann, Frederik"]
[Black "Stahnecker, Ludwig"]
[Result "1/2-1/2"]
[WhiteElo "1372"]
[BlackElo "1447"]
[PlyCount "32"]
[EventDate "2006.??.??"]
[EventType "swiss"]
[EventRounds "11"]
[EventCountry "GER"]

1. e4 c5 2. c4 e6 3. Nc3 Nc6 4. g3 Be7 5. d3 Nf6 6. Nge2 d6 7. Bg2 O-O 8. O-O
a6 9. f4 Qc7 10. Bd2 Rb8 11. a4 Nb4 12. Qb1 Bd7 13. Na2 Nxa2 14. Qxa2 Bc6 15.
Bc3 Rbd8 16. Bf3 Ra8 1/2-1/2

[Event "DEM U10"]
[Site "Willingen"]
[Date "2006.06.09"]
[Round "10.9"]
[White "Haferland, Konstantin"]
[Black "Grewenig, Jan"]
[Result "0-1"]
[WhiteElo "1277"]
[BlackElo "1409"]
[PlyCount "90"]
[EventDate "2006.??.??"]
[EventType "swiss"]
[EventRounds "11"]
[EventCountry "GER"]

1. e4 c5 2. Nf3 Nc6 3. d4 cxd4 4. Nxd4 g6 5. Nc3 Bg7 6. Nf3 Nf6 7. Bc4 O-O 8.
O-O d6 9. Bg5 Bg4 10. Re1 Qa5 11. h3 Bxf3 12. Qxf3 Qxg5 13. Rad1 Ne5 14. Qe2
Nxc4 15. Qxc4 Nh5 16. Qe2 Nf4 17. Qf3 Rac8 18. Re3 Ne6 19. Qe2 Rc7 20. Nd5 Nf4
21. Qf3 Nxd5 22. exd5 Rxc2 23. Rb3 Rc1 24. Rxb7 Rfc8 25. Rb3 Rxd1+ 26. Kh2 Rcc1
27. g3 Rh1+ 28. Qxh1 Rxh1+ 29. Kxh1 Qf5 30. Rb8+ Bf8 31. Kh2 Qxf2+ 32. Kh1 Qxg3
33. b4 Qxh3+ 34. Kg1 Qe3+ 35. Kf1 Qc1+ 36. Ke2 Qc7 37. Ra8 Qb7 38. Rd8 Qxb4 39.
Kd3 Qb5+ 40. Ke4 f5+ 41. Kf4 Qd3 42. Rc8 Kf7 43. Rxf8+ Kxf8 44. a4 h6 45. a5
g5# 0-1

[Event "DEM U10"]
[Site "Willingen"]
[Date "2006.06.09"]
[Round "10.10"]
[White "Gamisch, Laura"]
[Black "Müller, Georg"]
[Result "0-1"]
[WhiteElo "1226"]
[BlackElo "1402"]
[PlyCount "116"]
[EventDate "2006.??.??"]
[EventType "swiss"]
[EventRounds "11"]
[EventCountry "GER"]

1. d4 d5 2. c4 e6 3. Nc3 f5 4. cxd5 exd5 5. Bf4 c6 6. Nf3 Bd6 7. e3 Nf6 8. Bd3
Ne4 9. Ne5 O-O 10. f3 Nf6 11. O-O Nh5 12. h3 Nxf4 13. exf4 Qb6 14. Be2 Qxb2 15.
Qb3 Qxb3 16. axb3 Nd7 17. Bd3 Nf6 18. Rab1 a6 19. Ra1 c5 20. Nb5 Be7 21. dxc5
Bxc5+ 22. Kh1 Nh5 23. Kh2 Nxf4 24. Bc2 Bb6 25. g3 Ne6 26. f4 Nc7 27. Nxc7 Bxc7
28. Rad1 Bxe5 29. fxe5 Be6 30. b4 Rad8 31. Bb3 Rfe8 32. Bc2 g6 33. Rf2 Rd7 34.
Rfd2 b5 35. Bb3 Red8 36. h4 Kf8 37. Kg2 Ke7 38. Kf2 h6 39. Kg2 g5 40. hxg5 hxg5
41. Kf3 Kf7 42. Kg2 g4 43. Kf2 d4 44. Bc2 Ke7 45. Kg2 Bd5+ 46. Kf2 Be4 47. Kf1
Ke6 48. Re1 Bf3 49. Bb3+ Ke7 50. e6 Rd6 51. Ba2 Rh8 52. Re5 Rc6 53. Re1 Rh1+
54. Kf2 Rh2+ 55. Kf1 Rxd2 56. Bb1 Rc8 57. Bxf5 Rh8 58. Bxg4 Rh1# 0-1

[Event "DEM U10"]
[Site "Willingen"]
[Date "2006.06.09"]
[Round "10.11"]
[White "Neef, Maximilian"]
[Black "Carmesin, Matthias"]
[Result "0-1"]
[WhiteElo "1197"]
[BlackElo "1379"]
[PlyCount "52"]
[EventDate "2006.??.??"]
[EventType "swiss"]
[EventRounds "11"]
[EventCountry "GER"]

1. d4 d5 2. c4 e6 3. Nc3 f5 4. Nf3 Nf6 5. Bg5 c6 6. e3 Bd6 7. Rc1 O-O 8. Bd3 h6
9. Bh4 Qe8 10. Bg3 Bxg3 11. hxg3 Ne4 12. Nd2 Nd7 13. g4 Ndf6 14. gxf5 exf5 15.
cxd5 cxd5 16. Ncxe4 fxe4 17. Be2 Qg6 18. O-O Bh3 19. g3 Bxf1 20. Bxf1 Ng4 21.
Qb3 Qh5 22. Qxd5+ Qxd5 23. Bc4 Qxc4 24. Nxc4 Rac8 25. d5 b5 26. d6 Rxc4 0-1

[Event "DEM U10"]
[Site "Willingen"]
[Date "2006.06.09"]
[Round "10.12"]
[White "Knopf, Felix"]
[Black "Günthner, Arthur"]
[Result "0-1"]
[WhiteElo "1251"]
[BlackElo "1674"]
[PlyCount "112"]
[EventDate "2006.??.??"]
[EventType "swiss"]
[EventRounds "11"]
[EventCountry "GER"]

1. d4 d6 2. Nf3 Bg4 3. e3 Nf6 4. c4 c6 5. Nc3 Nbd7 6. Be2 e6 7. Bd2 Be7 8. O-O
O-O 9. Qc2 d5 10. cxd5 cxd5 11. h3 Bf5 12. Qd1 Rc8 13. Rc1 a6 14. a4 Qb6 15.
Nh4 Bg6 16. Nxg6 hxg6 17. b3 Rc6 18. Bf3 Rfc8 19. Qc2 Ba3 20. Rb1 Bb4 21. Rfc1
Bxc3 22. Bxc3 Rxc3 23. Qxc3 Rxc3 24. Rxc3 Ne4 25. Rc8+ Kh7 26. Bxe4 dxe4 27. b4
g5 28. g3 Nf6 29. a5 Qd6 30. Rc5 Nd5 31. b5 axb5 32. Rbxb5 Qa6 33. Kg2 Kg6 34.
Rxd5 exd5 35. Rb6+ Qxb6 36. axb6 Kf6 37. f3 exf3+ 38. Kxf3 Ke6 39. h4 gxh4 40.
gxh4 Kd6 41. Kf4 g6 42. e4 dxe4 43. Kxe4 Ke6 44. d5+ Kd6 45. Kd4 f5 46. Ke3
Kxd5 47. Kf4 Ke6 48. Kf3 Kf7 49. Kf4 Kf6 50. Kf3 Ke5 51. Ke3 f4+ 52. Kf3 Kf5
53. Kf2 Kg4 54. Kg2 Kxh4 55. Kf3 g5 56. Kg2 g4 0-1

[Event "DEM U10"]
[Site "Willingen"]
[Date "2006.06.09"]
[Round "10.15"]
[White "Bauer, Andreas"]
[Black "Rahimi, Rozafa"]
[Result "1-0"]
[WhiteElo "1438"]
[BlackElo "1082"]
[PlyCount "33"]
[EventDate "2006.??.??"]
[EventType "swiss"]
[EventRounds "11"]
[EventCountry "GER"]

1. d4 Nf6 2. Nf3 e6 3. e3 c5 4. Bd3 cxd4 5. exd4 Nc6 6. c3 d6 7. O-O e5 8. Re1
Qc7 9. Bb5 Bd7 10. Bxc6 Bxc6 11. dxe5 Bxf3 12. exf6+ Kd7 13. Qxf3 d5 14. fxg7
Rg8 15. Qxf7+ Kc6 16. gxf8=Q Rgxf8 17. Re6+ 1-0

[Event "DEM U10"]
[Site "Willingen"]
[Date "2006.06.09"]
[Round "10.16"]
[White "Bokemaer, David"]
[Black "Schnorr, Christian"]
[Result "1-0"]
[WhiteElo "1222"]
[BlackElo "1372"]
[PlyCount "103"]
[EventDate "2006.??.??"]
[EventType "swiss"]
[EventRounds "11"]
[EventCountry "GER"]

1. e4 c5 2. c3 d5 3. exd5 Qxd5 4. d4 Nc6 5. Nf3 cxd4 6. cxd4 e5 7. Nc3 Bb4 8.
a3 Bxc3+ 9. bxc3 Bg4 10. Be2 Rd8 11. c4 Qd6 12. d5 Nce7 13. Qa4+ Qd7 14. Qxd7+
Rxd7 15. Nxe5 Bxe2 16. Nxd7 Bxc4 17. Ne5 Bxd5 18. O-O Nf6 19. Bg5 Nfg8 20. Ng4
h5 21. Ne3 Bc6 22. Rfe1 f6 23. Bh4 g5 24. Bg3 Kf7 25. Nc4 Nf5 26. Nd6+ Nxd6 27.
Bxd6 h4 28. Rac1 f5 29. a4 Rh6 30. Bc5 a6 31. Re5 Rf6 32. Rce1 g4 33. Bd4 f4
34. Rg5 Rg6 35. Rf5+ Nf6 36. Rxf4 Bd5 37. Bxf6 Rxf6 38. Rxg4 h3 39. gxh3 Rh6
40. Rf4+ Kg6 41. Re5 Bb3 42. h4 Kg7 43. Re7+ Kg6 44. Rxb7 Bc2 45. Rb6+ Kg7 46.
Rxh6 Kxh6 47. Rf6+ Kh5 48. Rxa6 Kxh4 49. a5 Bd3 50. Rd6 Be2 51. a6 Bxa6 52.
Rxa6 1-0

[Event "DEM U10"]
[Site "Willingen"]
[Date "2006.06.09"]
[Round "10.17"]
[White "Volz, Alexander"]
[Black "Weber, Clemens"]
[Result "1/2-1/2"]
[WhiteElo "1366"]
[BlackElo "1174"]
[PlyCount "48"]
[EventDate "2006.??.??"]
[EventType "swiss"]
[EventRounds "11"]
[EventCountry "GER"]

1. e4 e5 2. Nf3 Nc6 3. Bc4 Be7 4. d3 Nf6 5. O-O d6 6. h3 O-O 7. Nc3 Be6 8. Bb3
Qd7 9. Be3 d5 10. exd5 Nxd5 11. Nxd5 Bxd5 12. Bxd5 Qxd5 13. Re1 Bd6 14. a3 a5
15. Ng5 Be7 16. Nf3 f5 17. b3 Bf6 18. Rb1 f4 19. Bc1 Rad8 20. Bb2 b5 21. Qd2 h6
22. Ba1 Rfe8 23. Nh2 Bg5 24. Qd1 b4 1/2-1/2

[Event "DEM U10"]
[Site "Willingen"]
[Date "2006.06.09"]
[Round "10.18"]
[White "Niedermayer, Julian Andi"]
[Black "Peil, Christoph"]
[Result "0-1"]
[WhiteElo "1190"]
[BlackElo "1339"]
[PlyCount "78"]
[EventDate "2006.??.??"]
[EventType "swiss"]
[EventRounds "11"]
[EventCountry "GER"]

1. e4 c5 2. Nf3 Nc6 3. d4 cxd4 4. Nxd4 g6 5. Nc3 Bg7 6. Be3 Nf6 7. Nxc6 bxc6 8.
e5 Ng8 9. Bd4 Qc7 10. Bc4 Bxe5 11. f4 Bxd4 12. Qxd4 Nf6 13. O-O-O O-O 14. h3 d5
15. Bb3 Re8 16. g4 e5 17. fxe5 Qxe5 18. Qa4 Qe3+ 19. Kb1 Bd7 20. Rd3 Qb6 21.
Qf4 Ne4 22. Nxd5 cxd5 23. Bxd5 Bc6 24. Bxf7+ Kg7 25. Bxe8 Rxe8 26. Rf1 Qb7 27.
Rfd1 Qe7 28. Qh2 Rf8 29. Re3 Qb7 30. Qe5+ Kg8 31. Qe6+ Kg7 32. h4 Re8 33. Qc4
Qb6 34. Rb3 Nd2+ 35. Ka1 Nxc4 36. Rxb6 Nxb6 37. a3 Re2 38. c3 Rg2 39. g5 Rg4
0-1

[Event "DEM U10"]
[Site "Willingen"]
[Date "2006.06.09"]
[Round "10.20"]
[White "Winterholler, Christina"]
[Black "Scheel, Henrik"]
[Result "0-1"]
[WhiteElo "1332"]
[BlackElo "1173"]
[PlyCount "102"]
[EventDate "2006.??.??"]
[EventType "swiss"]
[EventRounds "11"]
[EventCountry "GER"]

1. e4 e5 2. Nf3 Nc6 3. Bc4 Bc5 4. b4 Be7 5. c3 Nf6 6. d3 d6 7. Be3 Bg4 8. Nbd2
O-O 9. O-O Bh5 10. h3 a6 11. Re1 Bg6 12. Nf1 Re8 13. Ng3 d5 14. exd5 Nxd5 15.
Bd2 Bf6 16. Qc2 Nb6 17. Ne4 Bxe4 18. Rxe4 Nxc4 19. Rxc4 Qd7 20. Be3 Rad8 21.
Rd1 e4 22. Nd4 Bxd4 23. Bxd4 exd3 24. Qxd3 Ne5 25. Qg3 f6 26. Rc5 b6 27. Rxc7
Qxc7 28. Re1 Qf7 29. a4 Nf3+ 30. gxf3 Rxe1+ 31. Kh2 Qg6 32. Bxb6 Qxg3+ 33. Kxg3
Rd3 34. c4 Rd4 35. c5 Rxb4 36. a5 Rxb6 37. axb6 Rb1 38. Kf4 Rb5 39. c6 Rxb6 40.
c7 Rc6 41. c8=Q+ Rxc8 42. Kg3 a5 43. Kf4 a4 44. Kg3 a3 45. Kf4 a2 46. Kg3 a1=Q
47. Kg2 Rc1 48. Kg3 Qe5+ 49. f4 Rc3+ 50. Kg4 h5+ 51. Kh4 Qxf4+ 0-1

[Event "DEM U10"]
[Site "Willingen"]
[Date "2006.06.09"]
[Round "10.21"]
[White "Höpfner, Tim"]
[Black "Bluhm, Sonja Maria"]
[Result "1-0"]
[WhiteElo "1265"]
[BlackElo "963"]
[PlyCount "75"]
[EventDate "2006.??.??"]
[EventType "swiss"]
[EventRounds "11"]
[EventCountry "GER"]

1. d4 d5 2. c4 e6 3. Nf3 Nf6 4. Nc3 Bb4 5. a3 Bxc3+ 6. bxc3 Nc6 7. Bg5 h6 8.
Bh4 g5 9. Bg3 Ne4 10. Qc2 Na5 11. e3 Nxc4 12. Bxc4 Nxg3 13. fxg3 dxc4 14. Qa4+
c6 15. Qxc4 Bd7 16. O-O Qc7 17. Ne5 Rf8 18. a4 a6 19. Qd3 O-O-O 20. Nxf7 c5 21.
Nxd8 Rxd8 22. Rf7 cxd4 23. cxd4 Kb8 24. Raf1 b5 25. axb5 Bxb5 26. Qh7 Qc6 27.
Rb1 Rc8 28. h3 Ka8 29. Qg7 a5 30. Ra7+ Kb8 31. Rxa5 Rc7 32. Qf8+ Rc8 33. Rbxb5+
Qxb5 34. Rxb5+ Kc7 35. Qe7+ Kc6 36. Qc5+ Kd7 37. Rb7+ Kd8 38. Qe7# 1-0

[Event "DEM U10"]
[Site "Willingen"]
[Date "2006.06.09"]
[Round "10.23"]
[White "Spiegelberg, Silvia"]
[Black "Lebeda, Timo"]
[Result "0-1"]
[WhiteElo "1046"]
[BlackElo "1496"]
[PlyCount "102"]
[EventDate "2006.??.??"]
[EventType "swiss"]
[EventRounds "11"]
[EventCountry "GER"]

1. c4 d6 2. g3 Nf6 3. Bg2 g6 4. e4 Bg7 5. Nc3 O-O 6. Nge2 e5 7. O-O Be6 8. d3
Nc6 9. f4 Qd7 10. d4 Nxd4 11. Nxd4 exd4 12. Qxd4 Bh3 13. Qf2 Rfe8 14. Re1 Bxg2
15. Qxg2 c6 16. b3 Nd5 17. cxd5 Bxc3 18. Bb2 Bxe1 19. Rxe1 cxd5 20. Qd2 Qc6 21.
f5 d4 22. Qh6 Rxe4 23. Rxe4 Qxe4 24. f6 Qe3+ 25. Qxe3 dxe3 26. Kf1 Rc8 27. Bd4
Rc2 28. Bxa7 e2+ 29. Ke1 Rxa2 30. Bb8 d5 31. Bd6 d4 32. h4 h5 33. b4 d3 34. Be5
Kf8 35. b5 Ke8 36. b6 Kd7 37. Kf2 Rd2 38. Bc3 Rd1 39. Bb4 Kc6 40. Bc3 Kb5 41.
Be1 d2 42. Bxd2 Rxd2 43. Ke1 Ra2 44. Kf2 Kc4 45. Ke1 Kd3 46. Kf2 Ra1 47. Kf3
Rf1+ 48. Kg2 e1=Q 49. Kh3 Qd1 50. Kh2 Rf2+ 51. Kh3 Qg4# 0-1

[Event "DEM U10"]
[Site "Willingen"]
[Date "2006.06.09"]
[Round "10.29"]
[White "Stolcz, Bianca"]
[Black "Michalik, Marina"]
[Result "1/2-1/2"]
[WhiteElo "1095"]
[BlackElo "834"]
[PlyCount "34"]
[EventDate "2006.??.??"]
[EventType "swiss"]
[EventRounds "11"]
[EventCountry "GER"]

1. d4 d5 2. c3 c6 3. e3 Nf6 4. Bd3 Nbd7 5. f4 e6 6. Nf3 Bd6 7. Nbd2 O-O 8. O-O
b6 9. Ne5 c5 10. g4 c4 11. Bc2 Bb7 12. g5 Ne4 13. Nxe4 dxe4 14. Ba4 Nxe5 15.
dxe5 Bc5 16. Bb5 Qxd1 17. Rxd1 Bd5 1/2-1/2

[Event "DEM U10"]
[Site "Willingen"]
[Date "2006.06.09"]
[Round "10.30"]
[White "Hümmecke, Aaron"]
[Black "Scholz, Andre"]
[Result "0-1"]
[WhiteElo "1260"]
[BlackElo "1034"]
[PlyCount "90"]
[EventDate "2006.??.??"]
[EventType "swiss"]
[EventRounds "11"]
[EventCountry "GER"]

1. e4 e5 2. f4 exf4 3. Bc4 Qh4+ 4. Kf1 Nc6 5. Nc3 Bc5 6. Nh3 d5 7. exd5 Bxh3 8.
Qf3 Bg4 9. Qxf4 g5 10. Qg3 Qxg3 11. hxg3 Nd4 12. Bb5+ Nxb5 13. Nxb5 O-O-O 14.
b4 Bd7 15. Nxc7 Bxb4 16. d6 Bxd6 17. Nd5 Bb5+ 18. d3 Be5 19. Rb1 Rxd5 20. Bxg5
Bxg3 21. Be3 Rxd3 22. cxd3 Bxd3+ 23. Kg1 Bxb1 24. Rh3 Bc7 25. Bxa7 Bxa2 26. Bd4
f6 27. Ra3 Bd5 28. Ra8+ Kd7 29. Bxf6 b6 30. Rf8 Bd6 31. Rd8+ Kc7 32. Rxd6 Kxd6
33. Bxh8 Ne7 34. Kf2 Kc5 35. Bg7 Kc4 36. g3 b5 37. Ke2 b4 38. Kd2 Nf5 39. Be5
Nd4 40. Kc1 Be4 41. Kb2 b3 42. Bb8 Nb5 43. Be5 h5 44. Bf4 Nc3 45. Kc1 Ne2+ 0-1

[Event "DEM U10"]
[Site "Willingen"]
[Date "2006.06.09"]
[Round "10.33"]
[White "Schumacher, Wendy"]
[Black "Müller, Alexandra"]
[Result "0-1"]
[WhiteElo "880"]
[BlackElo "1149"]
[PlyCount "110"]
[EventDate "2006.??.??"]
[EventType "swiss"]
[EventRounds "11"]
[EventCountry "GER"]

1. d4 Nf6 2. c3 d5 3. Nf3 Nc6 4. Bf4 Bf5 5. e3 e6 6. Nbd2 Bd6 7. Bxd6 cxd6 8.
Be2 O-O 9. O-O e5 10. Re1 Re8 11. Rc1 Rc8 12. Qb3 Qd7 13. c4 dxc4 14. Nxc4 Re7
15. Red1 e4 16. Ne1 Be6 17. Qa4 Bxc4 18. Qxc4 d5 19. Qa4 Qd6 20. Rc2 Rec7 21.
Rdc1 a6 22. f3 Ne7 23. Qa5 Rxc2 24. Rxc2 Rxc2 25. Nxc2 Ne8 26. f4 Qc7 27. Qa4
Qc6 28. Qb4 Qc7 29. Bg4 f5 30. Bh5 Kf8 31. Qa4 Qc6 32. Qb3 Qc4 33. Qxc4 dxc4
34. Bxe8 Kxe8 35. a4 Nc8 36. Na3 Nd6 37. h3 Kd7 38. d5 Kc7 39. g4 g6 40. gxf5
gxf5 41. h4 Kb6 42. b4 cxb3 43. Nb1 Kc5 44. Kf2 Kxd5 45. Ke2 Kc4 46. Kd2 Kb4
47. a5 Nc4+ 48. Kc1 Nxa5 49. h5 Nc4 50. Nd2 Nxd2 51. Kxd2 a5 52. Kc1 Kc3 53.
Kb1 a4 54. h6 a3 55. Kc1 a2 0-1

[Event "DEM U10"]
[Site "Willingen"]
[Date "2006.06.09"]
[Round "10.36"]
[White "Haryanto, Selina"]
[Black "Dang, An-Hai"]
[Result "1-0"]
[WhiteElo "979"]
[BlackElo "1334"]
[PlyCount "87"]
[EventDate "2006.??.??"]
[EventType "swiss"]
[EventRounds "11"]
[EventCountry "GER"]

1. e4 d5 2. exd5 Nf6 3. Nf3 Nxd5 4. d4 Bg4 5. Be2 e6 6. O-O Bd6 7. c4 Nf6 8.
Bg5 Be7 9. Nc3 O-O 10. h3 Bh5 11. Qd2 Nbd7 12. Rad1 Nb6 13. b3 c6 14. a4 a5 15.
Qf4 Re8 16. Rfe1 Rc8 17. Ne5 Bxe2 18. Rxe2 Qc7 19. Ne4 Qd8 20. Bxf6 Bxf6 21.
Nxf6+ Qxf6 22. Qxf6 gxf6 23. Ng4 Kg7 24. Re3 f5 25. Ne5 f6 26. Rg3+ Kf8 27. Nf3
Rcd8 28. Nh4 Re7 29. Rgd3 Red7 30. f4 c5 31. d5 Ke7 32. Re1 Rd6 33. Nxf5+ Kf7
34. Nxd6+ Rxd6 35. Rxe6 Rxe6 36. dxe6+ Kxe6 37. Kf2 Nc8 38. g4 h6 39. h4 Nd6
40. Ke3 Nf7 41. f5+ Ke7 42. Kf4 b6 43. Re3+ Kd7 44. Re6 1-0

[Event "DEM U10"]
[Site "Willingen"]
[Date "2006.06.09"]
[Round "10.37"]
[White "Manusina, Nicole"]
[Black "Srokovskiy, Andrea"]
[Result "1-0"]
[WhiteElo "1110"]
[BlackElo "940"]
[PlyCount "45"]
[EventDate "2006.??.??"]
[EventType "swiss"]
[EventRounds "11"]
[EventCountry "GER"]

1. e4 e5 2. f4 d6 3. Nf3 Bg4 4. Be2 Nc6 5. O-O Nf6 6. Nc3 g6 7. d3 Be7 8. Be3
O-O 9. fxe5 dxe5 10. Bh6 Re8 11. Ng5 Nd4 12. Bxg4 Nxc2 13. Qxc2 Nxg4 14. Nxf7
Qd4+ 15. Kh1 Bc5 16. h3 Nf2+ 17. Kh2 Re7 18. Ng5 Rd8 19. Qb3+ Kh8 20. Nf7+ Rxf7
21. Qxf7 Rg8 22. Qf6+ Rg7 23. Qxg7# 1-0

[Event "DEM U10"]
[Site "Willingen"]
[Date "2006.06.09"]
[Round "10.39"]
[White "Priese, Annika"]
[Black "Schreiber, Justina"]
[Result "0-1"]
[WhiteElo "1000"]
[BlackElo "855"]
[PlyCount "118"]
[EventDate "2006.??.??"]
[EventType "swiss"]
[EventRounds "11"]
[EventCountry "GER"]

1. e4 d5 2. exd5 Qxd5 3. Nc3 Qa5 4. Bc4 Nf6 5. d3 Bf5 6. h3 e6 7. g4 Bg6 8. f4
Bd6 9. Bd2 c6 10. Qe2 O-O 11. Nd5 Qd8 12. Nc3 Re8 13. O-O-O b5 14. Bb3 a5 15.
a3 a4 16. Ba2 Nbd7 17. Qf3 Qb6 18. Re1 b4 19. axb4 Bxb4 20. f5 exf5 21. gxf5
Bh5 22. Qg3 Rxe1+ 23. Bxe1 Bxc3 24. Bxc3 Rb8 25. h4 Qc5 26. Nh3 Qxf5 27. Rg1
Qg4 28. Qxg4 Nxg4 29. Nf4 g6 30. Nxh5 gxh5 31. Rf1 Nge5 32. Bxe5 Nxe5 33. Rf5
Rb5 34. Rf4 Ra5 35. Kd2 Kf8 36. Kc3 c5 37. Re4 f6 38. d4 cxd4+ 39. Kxd4 a3 40.
b4 Ra4 41. Kc5 Ra8 42. Rd4 Rc8+ 43. Kb6 Rxc2 44. Bb3 Rb2 45. Be6 a2 46. Bxa2
Rxa2 47. b5 Ke7 48. Kc7 Rc2+ 49. Kb7 Rb2 50. b6 f5 51. Kc7 Rc2+ 52. Kb8 Nc6+
53. Kb7 Nxd4 54. Ka7 Rb2 55. Kb7 f4 56. Kc7 Rxb6 57. Kxb6 f3 58. Kc5 f2 59.
Kxd4 f1=Q 0-1

[Event "DEM U10"]
[Site "Willingen"]
[Date "2006.06.09"]
[Round "10.40"]
[White "Nitzsche, Pia"]
[Black "Rahimi, Anita"]
[Result "1-0"]
[WhiteElo "1012"]
[BlackElo "849"]
[PlyCount "63"]
[EventDate "2006.??.??"]
[EventType "swiss"]
[EventRounds "11"]
[EventCountry "GER"]

1. e4 c5 2. Nf3 a6 3. c3 Nc6 4. d4 cxd4 5. cxd4 d5 6. exd5 Qxd5 7. Nc3 Qd8 8.
Bd3 e6 9. Be3 Nf6 10. O-O Bd6 11. Re1 O-O 12. Qc2 Bd7 13. Bd2 Rc8 14. Ne4 Nxe4
15. Bxe4 f5 16. Bd3 Nxd4 17. Qd1 Nxf3+ 18. Qxf3 Qc7 19. g3 e5 20. Qh5 e4 21.
Be2 Qc2 22. Bc3 Qa4 23. Qg5 Kf7 24. Qxg7+ Ke8 25. Qg5 Be7 26. Bh5+ Kd8 27. Qg7
Qc6 28. Rac1 Qe6 29. Red1 f4 30. Bg4 Qg6 31. Rxd7+ Ke8 32. Qxe7# 1-0

[Event "DEM U10"]
[Site "Willingen"]
[Date "2006.06.09"]
[Round "10.42"]
[White "Hirschmann, Jakob"]
[Black "Puffay, Jana"]
[Result "1-0"]
[WhiteElo "1042"]
[BlackElo "733"]
[PlyCount "119"]
[EventDate "2006.??.??"]
[EventType "swiss"]
[EventRounds "11"]
[EventCountry "GER"]

1. e4 e5 2. Nf3 Nc6 3. Bc4 Nf6 4. Nc3 Bc5 5. d3 h6 6. O-O d6 7. h3 O-O 8. Be3
Bxe3 9. fxe3 Bd7 10. d4 exd4 11. exd4 Qe7 12. Bd3 Nb4 13. a3 Nxd3 14. Qxd3 a6
15. Rae1 d5 16. exd5 Qd6 17. Ne5 Nxd5 18. Nxd7 Qxd7 19. Nxd5 Qxd5 20. c4 Qd7
21. Qd2 c5 22. d5 Rae8 23. Rxe8 Rxe8 24. Rf3 Re5 25. Rg3 Qe7 26. Qxh6 Re1+ 27.
Kh2 g6 28. Qg5 Qxg5 29. Rxg5 Kf8 30. Rg3 Rd1 31. Re3 Rd4 32. b3 f5 33. Kg1 g5
34. Re5 Rd1+ 35. Kf2 g4 36. h4 f4 37. Rf5+ Ke7 38. Rxf4 Rd2+ 39. Ke1 Rxg2 40.
Re4+ Kf6 41. Re3 g3 42. Kf1 Rh2 43. Rxg3 Rxh4 44. Rd3 Rd4 45. Rxd4 cxd4 46. Ke2
Ke5 47. Kd3 b5 48. a4 bxc4+ 49. bxc4 a5 50. Ke2 Ke4 51. d6 d3+ 52. Kd2 Kd4 53.
d7 Kxc4 54. d8=Q Kb4 55. Qxd3 Kxa4 56. Kc2 Kb4 57. Qb3+ Kc5 58. Kc3 a4 59. Qxa4
Kd5 60. Qc4+ 1-0

[Event "DEM U10"]
[Site "Willingen"]
[Date "2006.06.09"]
[Round "10.43"]
[White "Geise, Maria"]
[Black "Neumann, Florian"]
[Result "1-0"]
[WhiteElo "942"]
[BlackElo "1037"]
[PlyCount "57"]
[EventDate "2006.??.??"]
[EventType "swiss"]
[EventRounds "11"]
[EventCountry "GER"]

1. e4 d5 2. exd5 Qxd5 3. Nc3 Qa5 4. d4 Nf6 5. Bc4 Bf5 6. Nf3 e6 7. Bd2 Bb4 8.
O-O Nc6 9. a3 Bxc3 10. Bxc3 Qb6 11. b4 O-O-O 12. b5 Ne7 13. a4 Qd6 14. a5 Be4
15. Re1 Nf5 16. h3 h6 17. Qe2 Bxf3 18. Qxf3 Nxd4 19. Qe3 Nxc2 20. Qxa7 Nxe1 21.
Rxe1 Nd5 22. Rd1 c5 23. a6 Qb8 24. Qxc5+ Nc7 25. Ra1 bxa6 26. bxa6 Rd7 27. a7
Qa8 28. Rb1 Rhd8 29. Ba6+ 1-0

[Event "DEM U10"]
[Site "Willingen"]
[Date "2006.06.09"]
[Round "10.48"]
[White "Räcke, Geesche"]
[Black "Klemm, Lisa-Marie"]
[Result "1/2-1/2"]
[WhiteElo "970"]
[BlackElo "795"]
[PlyCount "35"]
[EventDate "2006.??.??"]
[EventType "swiss"]
[EventRounds "11"]
[EventCountry "GER"]

1. e4 e5 2. Nf3 Nc6 3. Bc4 Nf6 4. d3 h6 5. O-O Bc5 6. Be3 Bb6 7. Nc3 O-O 8. Re1
d6 9. h3 Be6 10. Bb3 Re8 11. d4 exd4 12. Bxd4 Nxd4 13. Nxd4 Bxb3 14. axb3 Bc5
15. Ra4 a6 16. Nf3 b5 17. Ra5 Bb4 18. Ra2 1/2-1/2

[Event "DEM U18w"]
[Site "Willingen"]
[Date "2006.06.08"]
[Round "8.4"]
[White "Fuchs, Maria"]
[Black "Nuber, Helene"]
[Result "0-1"]
[WhiteElo "1758"]
[BlackElo "2042"]
[PlyCount "46"]
[EventDate "2006.??.??"]
[EventType "swiss"]
[EventRounds "9"]
[EventCountry "GER"]

1. d4 d5 2. c4 e5 3. Nc3 dxc4 4. Qa4+ Bd7 5. Qxc4 exd4 6. Qxd4 Nc6 7. Qd1 Nf6
8. Bg5 Bb4 9. Rc1 h6 10. Bh4 g5 11. Bg3 h5 12. Nf3 h4 13. Be5 g4 14. Bxf6 Qxf6
15. Nd2 O-O-O 16. a3 Ba5 17. b4 Bb6 18. e3 g3 19. hxg3 hxg3 20. Nce4 gxf2+ 21.
Nxf2 Bxe3 22. Nfe4 Bxd2+ 23. Qxd2 Qe5 0-1

[Event "DEM U16w"]
[Site "Willingen"]
[Date "2006.06.08"]
[Round "8.8"]
[White "Benzen, Marthe"]
[Black "Zemella, Jennifer"]
[Result "0-1"]
[WhiteElo "1573"]
[BlackElo "1755"]
[PlyCount "48"]
[EventDate "2006.??.??"]
[EventType "swiss"]
[EventRounds "9"]
[EventCountry "GER"]

1. e4 e5 2. Nc3 Nf6 3. Bc4 d6 4. d3 Be7 5. f4 Nc6 6. f5 Na5 7. Be3 c6 8. Bxf7+
Kxf7 9. b4 d5 10. bxa5 d4 11. Bd2 dxc3 12. Bxc3 Bd6 13. Nf3 Re8 14. Ng5+ Kg8
15. g4 Nd5 16. Bd2 Nf4 17. h4 Be7 18. Nf3 Ng2+ 19. Kf1 Nxh4 20. g5 Nxf3 21.
Qxf3 Bxg5 22. Qh5 Bxd2 23. Qxh7+ Kf8 24. Qg6 Bh6 0-1

[Event "DEM U16w"]
[Site "Willingen"]
[Date "2006.06.08"]
[Round "8.10"]
[White "Reh, Rebecca"]
[Black "Hoffmann, Lena"]
[Result "1-0"]
[WhiteElo "1709"]
[BlackElo "1910"]
[PlyCount "45"]
[EventDate "2006.??.??"]
[EventType "swiss"]
[EventRounds "9"]
[EventCountry "GER"]

1. e4 d5 2. exd5 Qxd5 3. Nc3 Qa5 4. d4 c6 5. Bc4 Nf6 6. Nf3 Bg4 7. h3 Bh5 8.
Bd2 Qc7 9. Qe2 e6 10. O-O-O Be7 11. g4 Bg6 12. Ne5 Nbd7 13. Nxg6 hxg6 14. Rde1
Qd6 15. g5 Nd5 16. Nxd5 cxd5 17. Bd3 a6 18. Qg4 b5 19. Bxg6 fxg6 20. Rxe6 Qc7
21. Bb4 Rc8 22. Rxe7+ Kd8 23. Ba5 1-0

[Event "DEM U14"]
[Site "Willingen"]
[Date "2006.06.08"]
[Round "8.2"]
[White "Jorczik, Julian"]
[Black "Graf, Felix"]
[Result "1/2-1/2"]
[WhiteElo "2170"]
[BlackElo "2209"]
[PlyCount "100"]
[EventDate "2006.??.??"]
[EventType "swiss"]
[EventRounds "9"]
[EventCountry "GER"]

1. d4 Nf6 2. c4 e6 3. Nc3 Bb4 4. f3 d5 5. e3 c5 6. a3 Bxc3+ 7. bxc3 O-O 8. Bd3
Nc6 9. Ne2 dxc4 10. Bxc4 e5 11. Bb2 Qb6 12. Qb3 Qxb3 13. Bxb3 exd4 14. cxd4 Re8
15. Kf2 Na5 16. Ba2 Be6 17. dxc5 Bxa2 18. Bxf6 gxf6 19. Rxa2 Rac8 20. Rc2 Re5
21. Rd1 Rcxc5 22. Rxc5 Rxc5 23. Rd8+ Kg7 24. Nf4 f5 25. Nh5+ Kh6 26. g4 fxg4
27. fxg4 f5 28. Rd6+ Kg5 29. Nf4 Re5 30. gxf5 Kxf5 31. Ng2 Nc6 32. Kf3 Re6 33.
Rd5+ Ne5+ 34. Kf2 Ra6 35. Rb5 b6 36. Rb3 Nc4 37. Rc3 b5 38. Rd3 Rd6 39. Rb3 a6
40. Nh4+ Kg4 41. Nf3 Rf6 42. e4 Kf4 43. a4 Kxe4 44. axb5 axb5 45. Kg3 Rg6+ 46.
Kf2 Nd6 47. Re3+ Kd5 48. Re5+ Kc6 49. Rh5 Rg7 50. Ke3 Re7+ 1/2-1/2

[Event "DEM U14"]
[Site "Willingen"]
[Date "2006.06.08"]
[Round "8.5"]
[White "Geske, Julian"]
[Black "Raykhman, Alexander"]
[Result "1-0"]
[WhiteElo "2140"]
[BlackElo "1955"]
[PlyCount "59"]
[EventDate "2006.??.??"]
[EventType "swiss"]
[EventRounds "9"]
[EventCountry "GER"]

1. e4 c5 2. Nf3 d6 3. d4 cxd4 4. Nxd4 Nf6 5. Nc3 a6 6. Bc4 e6 7. Bb3 b5 8. Bg5
Be7 9. Qf3 Qc7 10. e5 Bb7 11. exd6 Bxd6 12. Qe3 Bc5 13. O-O-O Nc6 14. Bxf6 gxf6
15. Ne4 Bxd4 16. Rxd4 Nxd4 17. Nxf6+ Ke7 18. Qxd4 h5 19. Qh4 Kf8 20. Qg5 a5 21.
Rd1 Bc6 22. Nxh5 Rxh5 23. Qxh5 a4 24. Qh8+ Ke7 25. Qh4+ Ke8 26. Bxe6 Qe5 27.
Bh3 a3 28. Qd4 axb2+ 29. Kxb2 Qe7 30. Qh8+ 1-0